|
|
|
|
| LEADER |
00000nam a22000007a 4500 |
| 005 |
20220712231012.0 |
| 007 |
cr|||| |||| |
| 008 |
220712s2022 co |||||s|||| 00||0 spa d |
| 020 |
|
|
|a 978-958-56087-7-1
|
| 035 |
|
|
|a 36708
|
| 040 |
|
|
|a vLex
|
| 090 |
|
|
|c 13554
|d 13554
|
| 100 |
1 |
|
|a Chavarro Cadena, Jorge Enrique
|
| 245 |
1 |
0 |
|a Medio Ambiente Licencias y Proteccin̤ de los Recursos Naturales
|h [Recurso electrn̤ico] /
|c Jorge Enrique Chavarro Cadena
|
| 256 |
|
|
|a Servicio en ln̕ea
|
| 260 |
|
|
|a Bogot:̀
|b Grupo Editorial Nueva Legislacin̤,
|c 2022
|
| 300 |
|
|
|a 1 recurso electrn̤ico
|
| 500 |
|
|
|a Para Nueva Legislacin̤ SAS. es grato presentar la tercera (3ð) edicin̤ de la obra Medio Ambiente Licencias y Proteccin̤ de los Recursos Naturales, se trata de una edicin̤ especial por su organizacin̤, estructura y contenido de la misma, tomando como base la Ley 99 de diciembre 22 de 1993, por la cual se crea el Ministerio del Medio Ambiente, se reordena el Sector Pb︢lico encargado de la gestin̤ y conservacin̤ del medio ambiente y los recursos naturales renovables, se organiza el Sistema Nacional Ambiental, SINA y se dictan otras disposiciones. Actualizado con la normatividad vigente hasta el cierre de esta edicin̤. Medio Ambiente Licencias y Proteccin̤ de los Recursos Naturales es una publicacin̤ integral ya que incluye las concordancias correspondientes en cada uno de los artc̕ulos de la obra; tales como: Leyes, Decretos Únicos Reglamentarios 1066 y 1076 de 2015, Decretos ordinarios, Resoluciones, Circulares, Doctrina y Jurisprudencia; valores agregados que hacen ms̀ confiable la informacin̤ para la toma de decisiones en la actividad profesional y empresarial, la cual nuestros suscriptores pueden consultar permanentemente en nuestra pg̀ina web.
|
| 506 |
1 |
|
|a Disponible solo en los productos indicados
|d vLex Global
|d vLex Global (Academic Edition, excluding Law Schools)
|d vLex Global (U.S. Academic Edition, Law Schools)
|d vLex Global (U.S. Academic Edition, excluding Law Schools)
|d vLex Global (Academic Edition, Law Schools)
|
| 650 |
0 |
4 |
|a Derecho del Medio Ambiente
|z Colombia
|
| 740 |
0 |
|
|a vLex Libros (Servicio en ln̕ea)
|
| 856 |
4 |
0 |
|u https://app.vlex.com/#/sources/36708
|z Acceso restringido
|
| 942 |
|
|
|c BOOK
|
| 999 |
0 |
|
|a Environmental Law
|